La opción creyente: introducción a la teología fundamental

Guardat en:
Dades bibliogràfiques
Autor principal: Bentué, Antonio (autor)
Format: Llibre
Idioma:espanyol
Publicat: Santiago Facultad de Teología 1983
Matèries:
Etiquetes: Afegir etiqueta
Sense etiquetes, Sigues el primer a etiquetar aquest registre!

MARC

LEADER 00000nam a2200000 a 4500
001 UCP1007
003 CL-VaPUC
008 990326e19830000CL |||||||||||||||||spa|d
082 0 4 |a 239  |b BEN  |2 21 
100 |a Bentué, Antonio  |e autor  |9 598242 
245 1 3 |a La opción creyente: introducción a la teología fundamental 
300 |a 417 p 
942 |c BK 
945 |d 19990326 00:00:00  |a lazolas 
260 |a Santiago  |b Facultad de Teología  |c 1983 
650 0 |a Teología fundamental   |9 313207 
650 0 |a Apologética  |9 269349 
650 0 |a Fe  |9 308036 
650 0 |a Existencia humana  |9 399283 
650 0 |a Laicismo  |9 313856 
650 0 |a Evolución  |9 259442 
650 7 |a MARXISMO  |2 CL-VaPUC  |9 426734 
650 0 |a Fenomenología  |9 256519 
583 |a last modification  |c 19990326 00:00:00  |k Rodrigo Vera 
999 |c 279730  |d 279728 
952 |0 0  |1 0  |4 0  |6 239_000000000000000_BEN_1983  |7 0  |8 A  |9 319501  |a BIBTEO  |b BIBTEO  |d 2019-11-20  |i 2077671  |o 239 BEN 1983  |p 2077671  |r 2025-01-17  |w 2019-11-20  |y BK  |k ICR